000 00763nam a2200241 a 4500
008
020 _a0412450208 (acid-free paper)
049 _aMAIN
090 _aHB139
245 0 0 _aContinuous-time econometrics :
_btheory and applications /
_cedited by Giancarlo Gandolfo.
260 _aLondon :
_bChapman & Hall,
_c1993.
300 _axii, 267 p. :
_bill. ;
_c25 cm.
440 0 _aInternational studies in economic modelling ;
_v12
504 _aIncludes bibliographical references.
500 _aIncludes index.
650 0 _aEconometrics.
700 1 _aGandolfo, Giancarlo.
907 _a.b10036325
_b23-06-03
_c17-04-03
003
005 20230123133200.0
040 _cNUST
942 _cBOOKS
_kHB139
999 _c144136
_d144136